• 首页
  • 本馆介绍
  • 公告通知
  • 最新文献
  • 馆藏检索
  • 电子资源
  • 读者导购
  • 参考咨询
  • 我的图书馆
  • 登录
  • 详细信息显示
  • 放入我的书架
  • 预约/预借图书
  • 作者相关作品
  • 分类相关作品
  • 丛书相关作品
  • 出版社相关作品

书目信息

  • 表格格式
  • 工作单格式
  • 卡片格式
题名:
“3S”理论与技术
    
 
作者: 范文义 , 李明泽 , 毛学刚 , 于颖 编著
分册:  
出版信息: 哈尔滨   东北林业大学出版社  2017重印
页数: 353页
开本: 26cm
丛书名:
单 册:
中图分类: P208 , P228.4
科图分类:
主题词: 地理信息系统--di li xin xi xi tong , 全球定位系统--quan qiu ding wei xi tong , 遥感技术--yao gan ji shu
电子资源:
ISBN: 978-7-5674-0788-6
000 01212nam0 2200349 45
001 012001002573
005 20191121141403.70
010    @a978-7-5674-0788-6@dCNY103.00
099    @aCAL 012016101669
100    @a20160907d2016 em y0chiy50 ea
101 0  @achi
102    @aCN@b230000
105    @aak a 000yy
106    @ar
200 1  @a“3S”理论与技术@A“3S ”li lun yu ji shu@f范文义 ... [等] 编著
205    @a第2版
210    @a哈尔滨@c东北林业大学出版社@d2017重印
215    @a353页@c图@d26cm
304    @a题名页题其余责任者: 李明泽, 毛学刚, 于颖
320    @a有书目 (第352-353页)
330    @a本书全面地介绍了“3S”的技术概念及其地理空间基础GPS定位的概念、原理和技术, 航空像片和卫星图像的处理及专题信息提取的方法 ; 地理信息系统的有关概念、理论、技术和应用等。
606 0  @a地理信息系统@Adi li xin xi xi tong
606 0  @a全球定位系统@Aquan qiu ding wei xi tong
606 0  @a遥感技术@Ayao gan ji shu
690    @aP208@v4
690    @aP228.4@v4
701  0 @a范文义@Afan wen yi@4编著
701  0 @a李明泽@Ali ming ze@4编著
701  0 @a毛学刚@Amao xue gang@4编著
701  0 @a于颖@Ayu ying@4编著
801  0 @aCN@b北京卓展@c20191020
905    @b1203928-30@dP208@e312=2@f3
    
    “3S”理论与技术/范文义 ... [等] 编著.-第2版.-哈尔滨:东北林业大学出版社,2017重印
    353页:图;26cm
    
    
    ISBN 978-7-5674-0788-6:CNY103.00
    本书全面地介绍了“3S”的技术概念及其地理空间基础GPS定位的概念、原理和技术, 航空像片和卫星图像的处理及专题信息提取的方法 ; 地理信息系统的有关概念、理论、技术和应用等。
●
相关链接 在E读中查询图书 在五车中查询图书 在当当中查询图书 在豆瓣中查询图书


正题名:"3S"理论与技术     索取号:P208/312=2         预约/预借

序号 登录号 条形码 馆藏地/架位号 状态 备注
1 1203928   212039284   第二样本阅览室/ [索取号:P208/312=2] 在馆    
2 1203929   212039293   第三借阅区/ [索取号:P208/312=2] 在馆    
3 1203930   212039300   第三借阅区/ [索取号:P208/312=2] 在馆    
唐山师范学院图书馆 欢迎您!
大连网信软件有限公司© 版权所有